L'Institut francais de Damas au Palais Azem, 1922-1946 : a travers les archives /

محفوظ في:

المؤلف الرئيسي: Avez, Renaud (مؤلف)

التنسيق: كتاب

اللغة: French

منشور في: Damas : Institut Français de Damas, 1993.

سلاسل: Collection Témoignages et documents ; 1.

الموضوعات:

الوسوم: إضافة وسم

لا توجد وسوم, كن أول من يضع وسما على هذه التسجيلة!

رقم الطلب: DS36 .A9 1993

LEADER 00879namaa2200253 4500
001 20619
003 OSt
005 20251124124808.0
008 130303s1993 sy af b 001 0 fre d
010 |a 93964704 
040 |c ARCE Library 
043 |a a-sy--- 
050 4 |a DS36 .A9 1993 
100 1 |a Avez, Renaud,  |e author  |9 25860 
245 1 2 |a L'Institut francais de Damas au Palais Azem, 1922-1946 :  |b a travers les archives /  |c Renaud Avez. 
264 1 |a Damas :   |b Institut Français de Damas,   |c 1993. 
300 |a 341 pages, [16] pages of plates :  |b illustrations ;  |c 25 cm. 
490 1 |a Collection Témoignages et documents ;   |v 1. 
504 |a Includes bibliographical references (pages 274-292) and indexes. 
610 2 0 |a Institut français de Damas  |x History. 
830 0 |a Collection Témoignages et documents ;   |v 1. 
901 |a reviewed 
942 |c BK  |2 lcc 
999 |c 18217  |d 18217